000 00246nam a2200109Ia 4500
008 220216s9999 xx 000 0 und d
245 0 _aHigh quality cold rubber
260 _bPlanter
_c1953
300 _a247
650 _aCold rubber
942 _cJS
999 _c60399
_d60399